Kajian ke atas status spesies pokok endemik di Semenanjung Malaysia

Bibliographic Details
Main Author: Saiful Halimi b. Mohammad Dam
Format: Book
Published: Bangi, Selangor : Universiti Kebangsaan Mlaysia , 1998
Subjects:

MARC

LEADER 00000cam a2200000 7i4500
001 0000003892
005 20110818.0
090 0 0 |a R THE 634.97   |b SAIF 1998 
100 0 0 |a Saiful Halimi b. Mohammad Dam 
245 1 0 |a Kajian ke atas status spesies pokok endemik di Semenanjung Malaysia   |c Saiful Halimi b. Mohamad Dam 
260 0 0 |a Bangi, Selangor :   |b Universiti Kebangsaan Mlaysia ,   |c 1998 
300 |a xiv, 205 p. ;   |c 30 cm. 
500 0 0 |a Bibliography : p. 203-205 
500 0 0 |a Thesis - Degree of Bachelor of Science in Botani, Universiti Kebangsaan Malaysia (1998) 
650 0 0 |a Trees species---Peninsular Malaysia 
998 |a JPSM 
999 |a 006204   |b Thesis   |c Reference   |e Default branch